To begin again : (Record no. 1440)

MARC details
000 -LEADER
fixed length control field 00708fam a2200253 a 4500
005 - DATE AND TIME OF LATEST TRANSACTION
control field 20260322212100.0
008 - FIXED-LENGTH DATA ELEMENTS--GENERAL INFORMATION
fixed length control field data
010 ## - LIBRARY OF CONGRESS CONTROL NUMBER
LC control number 98016024
020 ## - INTERNATIONAL STANDARD BOOK NUMBER
International Standard Book Number 0375400036
020 ## - INTERNATIONAL STANDARD BOOK NUMBER
International Standard Book Number 9780375400032
040 ## - CATALOGING SOURCE
Original cataloging agency DLC
Transcribing agency DLC
Modifying agency DLC
050 00 - LIBRARY OF CONGRESS CALL NUMBER
Classification number BM729.C6
Item number L47 1998
092 ## - LOCALLY ASSIGNED DEWEY CALL NUMBER (OCLC)
Classification number 296.72 L47 1998
001 - CONTROL NUMBER
control field data
100 1# - MAIN ENTRY--PERSONAL NAME
Personal name Levy, Naomi.
245 10 - TITLE STATEMENT
Title To begin again :
Remainder of title the journey toward comfort, strength, and faith in difficult times /
Statement of responsibility, etc. Naomi Levy.
250 ## - EDITION STATEMENT
Edition statement 1st ed.
260 ## - PUBLICATION, DISTRIBUTION, ETC.
Place of publication, distribution, etc. New York :
Name of publisher, distributor, etc. Alfred A. Knopf,
Date of publication, distribution, etc. 1998.
300 ## - PHYSICAL DESCRIPTION
Extent xii, 267 p. ;
Dimensions 22 cm.
600 10 - SUBJECT ADDED ENTRY--PERSONAL NAME
Personal name Levy, Naomi.
650 #0 - SUBJECT ADDED ENTRY--TOPICAL TERM
Topical term or geographic name entry element Consolation (Judaism)
650 #0 - SUBJECT ADDED ENTRY--TOPICAL TERM
Topical term or geographic name entry element Bereavement
General subdivision Judaism.
-- Judaism.
650 #0 - SUBJECT ADDED ENTRY--TOPICAL TERM
Topical term or geographic name entry element Jewish way of life.
Holdings
Withdrawn status Lost status Damaged status Not for loan Home library Current library Shelving location Date acquired Total checkouts Full call number Barcode Date last seen Price effective from Koha item type
        Centerville Centerville General stacks 22/03/2026   BM729.C6 L47 1998 BC0011487 22/03/2026 22/03/2026 Books